|
|
|
|
| LEADER |
00000cam a2200000 a 4500 |
| 001 |
72031 |
| 003 |
Ucuenca |
| 005 |
20230308164633.0 |
| 008 |
000000|1945 mx |||||r|||||||||||spa|| |
| 040 |
|
|
|b spa
|
| 041 |
1 |
|
|a spa
|
| 082 |
0 |
|
|a 691
|
| 100 |
1 |
|
|a Foerster, Max
|9 37798
|
| 245 |
1 |
1 |
|a Materiales de construcción
|c Max Foerster; traducido del alemán por R. Campalans
|h imp
|
| 264 |
|
|
|a México
|b Nacional
|c 1945
|
| 300 |
|
|
|a 366 páginas:
|b gra
|c 18.5 cm
|
| 500 |
|
|
|a Con 57 figuras
|
| 650 |
|
0 |
|a Morteros
|9 14788
|
| 650 |
1 |
0 |
|a Materiales de construcción
|9 19598
|
| 852 |
|
|
|a UC-CDJBV
|f Compra
|l 1
|m General
|p 00000000
|r 2
|t 72031
|b 0
|d CDRC
|e CDRC
|g 691
|z 0000-00-00
|
| 942 |
|
|
|c BK
|
| 999 |
|
|
|c 25891
|d 25891
|